书目信息 |
| 题名: |
探寻全能者的踪迹
|
|
| 作者: | 埃利希.冯.丹尼肯 著 | |
| 分册: | ||
| 出版信息: | 北京 中国青年出版社 1998.05 |
|
| 页数: | 196页 | |
| 开本: | 32开 | |
| 丛书名: | ||
| 单 册: | ||
| 中图分类: | Z228 | |
| 科图分类: | ||
| 主题词: | 百科全书--中国 | |
| 电子资源: | ||
| ISBN: | 7-5006-2895-1 | |
| 000 | 00640nam0 2200205 45 | |
| 001 | 0007301195 | |
| 005 | 20000730113931.0 | |
| 010 | @a7-5006-2895-1@d13.80元 | |
| 100 | @a20000730d1998 km y0chiy0120 ea | |
| 101 | 0 | @achi |
| 105 | @a z 000yy | |
| 200 | 1 | @a探寻全能者的踪迹@ATan Xun Quan Neng Zhe De Zong Ji@e?E?f埃利希.冯.丹尼肯著;董靖等译@FAi Li Xi.Feng.Dan Ni Ken Zhu;Dong Jing Deng Yi |
| 210 | @a北京@c中国青年出版社@d1998.05 | |
| 215 | @a196页@d32开 | |
| 517 | @a?A?0 | |
| 606 | @a百科全书@x中国 | |
| 690 | @aZ228@v3 | |
| 701 | 0 | @a埃利希.冯.丹尼肯@4著 |
| 801 | @aCN@bPftUser@c20000730 | |
| 905 | @b83632-636@dZ228@eD377/3@f5 | |
| 探寻全能者的踪迹:?E?f埃利希.冯.丹尼肯著;董靖等译.-北京:中国青年出版社,1998.05 |
| 196页;32开 |
| ISBN 7-5006-2895-1:13.80元 |
| ● |
| 相关链接 |
|
|
|
正题名:探寻全能者的踪迹
索取号:Z228/D377/3
 
预约/预借
| 序号 | 登录号 | 条形码 | 馆藏地/架位号 | 状态 | 备注 |
| 1 | 83632 | 200836328 | 自科二线504/504自科库 11排2列4层/ [索取号:Z228/D377/3] | 在馆 | |
| 2 | 83633 | 200836337 | 自科二线504/504自科库 11排2列4层/ [索取号:Z228/D377/3] | 在馆 | |
| 3 | 83634 | 200836346 | 自科二线504/504自科库 10排4列1层/ [索取号:Z228/D377/3] | 在馆 | |
| 4 | 83635 | 200836355 | 自科库501/501自科库 126排1列3层/ [索取号:Z228/D377/3] | 在馆 | |
| 5 | 83636 | 200836364 | 自科二线504/504自科库 11排2列4层/ [索取号:Z228/D377/3] | 在馆 |